Tractatus de bonorum divisione amplissimus omnibus iuris studiosis maximè utilis, & necessarius, in quo ea, quae quotidie in praxi versantur circa divisionem bonorum societatis conventionalis & coniugalis, & meliorationum, & haereditatum, & aliarum rerum ad id pertinentium, digeruntur / nunc noviter editus per Doctore[m] Petrum Sanz Morquechum, auditorem audientiae regalis insulae Hispanae Sancti Dominici. Cum indice locupletissimo praecipuarum rerum, quae in ipso tractantur alphabetico ordine digesto

Detalles Bibliográficos
Autor principal: Sanz Morquecho, Pedro, s. XVII
Otros Autores: Iñiguez de Lequerica, Juan, 1570-1599, herederos de, ed
Formato: Libro
Lenguaje:Latin
Publicado: Matriti : apud haeredes Ioannis Iñiguez à Lequerica licentii Varez à Castro, 1601.
Materias:
Colección:Banco de datos
Acervo:Universidad Autónoma Benito Juárez de Oaxaca. Biblioteca Francisco de Burgoa. Colección antigua
Descripción Física:[6] h., 390 p., [26] h. ; f°
Tema general:Derecho civil
Notas:Portada tipográfica con escudo y pleca en grabado xilográfico. Texto a dos columnas con paginación en números arábigos, cornisas, reclamos y signaturas. Incluye capitulares con motivos florales e historiadas en grabado xilográfico. Encuadernación en pergamino (9398, 9425). Marca de fuego: Casa del Noviciado de la Compañía de Jesús de Oaxaca, Oax. (9398, 9425). Marca de fuego: Convento de Santo Domingo (9425). Marca de fuego: Colegio de Santa Cruz de Antequera de Oaxaca, Oax. (9398). Ex libris manuscrito en la portada: "Nicolas del Puerto" (9398). Daños por humedad (9398, 9425). Daños en la encuadernación, tapas desprendidas (9398). Daños en la encuadernación, tapas desprendidas y falta parte inferior del pergamino en la tapa superior (9425)
LEADER 02137nam a22002050004500
035 |a 3311 
041 0 |a lat 
100 1 |a Sanz Morquecho, Pedro, s. XVII 
245 1 0 |a Tractatus de bonorum divisione amplissimus omnibus iuris studiosis maximè utilis, & necessarius, in quo ea, quae quotidie in praxi versantur circa divisionem bonorum societatis conventionalis & coniugalis, & meliorationum, & haereditatum, & aliarum rerum ad id pertinentium, digeruntur / nunc noviter editus per Doctore[m] Petrum Sanz Morquechum, auditorem audientiae regalis insulae Hispanae Sancti Dominici. Cum indice locupletissimo praecipuarum rerum, quae in ipso tractantur alphabetico ordine digesto 
260 |a Matriti : apud haeredes Ioannis Iñiguez à Lequerica licentii Varez à Castro, 1601. 
300 |a [6] h., 390 p., [26] h. ; f° 
500 |a Portada tipográfica con escudo y pleca en grabado xilográfico. Texto a dos columnas con paginación en números arábigos, cornisas, reclamos y signaturas. Incluye capitulares con motivos florales e historiadas en grabado xilográfico. Encuadernación en pergamino (9398, 9425). Marca de fuego: Casa del Noviciado de la Compañía de Jesús de Oaxaca, Oax. (9398, 9425). Marca de fuego: Convento de Santo Domingo (9425). Marca de fuego: Colegio de Santa Cruz de Antequera de Oaxaca, Oax. (9398). Ex libris manuscrito en la portada: "Nicolas del Puerto" (9398). Daños por humedad (9398, 9425). Daños en la encuadernación, tapas desprendidas (9398). Daños en la encuadernación, tapas desprendidas y falta parte inferior del pergamino en la tapa superior (9425) 
504 |a Al principio de la obra están el índice de capítulos y la fe de erratas 
504 |a Al final de la obra está el índice de las cosas notables 
650 1 0 |a Derecho civil 
700 1 |a Iñiguez de Lequerica, Juan, 1570-1599, herederos de, ed. 
852 |a Universidad Autónoma "Benito Juárez" de Oaxaca, Biblioteca Francisco de Burgoa, Colección antigua 9398, 9425 
942 |c BURANT 
943 |g Universidad Autónoma Benito Juárez de Oaxaca. Biblioteca Francisco de Burgoa. Colección antigua 
999 |c 1114322  |d 1114322